000 00550nam a2200193Ia 4500
005 20250923145359.0
008 008 250917s9999 xx 000 0 eng d
037 _aTextual
040 _aDSWL
_beng
_cDSWL
041 _aeng
_2eng
084 _aY31:1x2,N5, N55;3
_qDSWL
245 0 _aVillage India
_c Ed.by M. Marriott
260 _aChicago
_bUniversity of Chicago Press
_c1955
300 _axvii,269 p.
365 _aUSD
_b6 . 50
925 _g6 . 50
942 _cTEXL
_hY31:1x2,N5, N55;3
999 _c1450670
_d1450670